Statistiques concernant Toutes les victimes de Criminal Case

Cliquez ici pour prendre le quiz!

Statistiques générales

  • Ce quiz a été pris 3 fois
  • Le résultat moyen est 8 sur 370

Statistiques - réponses

SaisonNom de l'enquêteVictime% Correct
GrimsboroughLe Boucher SanglantJennifer Carter
100%
GrimsboroughUn Cadavre dans le JardinNed Dillard
100%
GrimsboroughLa Mort de Rosa WolfRosa Wolf
100%
GrimsboroughTout s'arrête IciAdam Bentley
50%
GrimsboroughAffaire de FamilleAileen Greene
50%
GrimsboroughL'Affaire RusseAnton Levin
50%
GrimsboroughRéduit en CendresChad Whickman
50%
GrimsboroughUn Bon Flic est un Flic MortEd Dunkin
50%
GrimsboroughLes Expériences SecrètesRachel Priest
50%
GrimsboroughNid de VipèresSalvador Cordero
50%
GrimsboroughLa Bourse ou la VieSamuel Rye
50%
GrimsboroughUn Jeu MortelSteve Wood
50%
GrimsboroughBeauté VoléeTrixie Velvet
50%
GrimsboroughMassacre au Spring BreakAaliyah Banks
0%
GrimsboroughLes Gentilles ne meurent jamaisAbigail Price
0%
Mysteries of the PastSpéculations MeurtrièresAbner Milton
0%
Save the WorldMeurtre par ProcurationAdam Hassan
0%
Save the WorldL'Armée des OmbresAdolfo Herrera
0%
Save the World3 Espions et 1 MomieAfif Wahab
0%
Supernatural InvestigationsHocus PocusAgnes Leek
0%
Travel in TimeEnsorcelé, Envoûté, Egaré !Agwé
0%
GrimsboroughA Couteau TiréAlan Cardwell
0%
Mysteries of the PastLe Nez dans le RuisseauAlbertina Thenard
0%
Pacific BayLe Tueur Prend ToutAlfie McNaulty
0%
Mysteries of the PastPanique à l'HôtelAmiral Oak
0%
Travel in TimeA Court de Temps (2e mort)Ammon Bast
0%
Save the WorldChevauchée MortelleAndrei Beloglazov
0%
GrimsboroughEaux TroublesAndrew Ashworth
0%
Pacific BayInvertébréAngus O'Brian
0%
Save the WorldSous la Lame de l'EpéeAnir Aznag
0%
Pacific BayLe Saut de la MortAnjulie Cruz
0%
Mysteries of the PastLe Mors aux DentsAnna Jewell
0%
Pacific BayDevoirs InciviquesAnnette Arbor
0%
Save the WorldQu'on leur coupe la Tête !Annette Sommeur
0%
Supernatural InvestigationsL'Arbre de la MortAnnette Strong
0%
Pacific BayMort au CirqueAnnie Capri
0%
City of RomanceSon Compte est RégléAntoine Macaron
0%
Mysteries of the PastQue Justice Soit FaiteArchie Rochester
0%
Travel in TimeIl était une Fois en MongolieArgat Noyan
0%
Mysteries of the PastHaute TensionArnold Nottingham
0%
Supernatural InvestigationsVoyage au bout de l'EnferArthur Darkwood
0%
The ConspiracyHipster à TerreAsh Bison
0%
Mysteries of the PastUn Sort FunesteAubrey Miller
0%
Mysteries of the PastUne Etude en RoseBarbara Coldwell
0%
The ConspiracyImpact FinalBarb Bellamy
0%
Travel in TimeUne Mort de PirateBarbe Noire
0%
Travel in TimeOn Lève l'Ancre !Barnabas Dycker
0%
Mysteries of the PastSaints et PêcheursBarnaby Wilson
0%
City of RomanceTaillée sur MesureBéatrice Sanchez
0%
The ConspiracyBouche de Miel, Coeur de FielBeckett Blanton
0%
Pacific BayLa Reine de GlaceBecky Walden
0%
Supernatural InvestigationsMeurtre et Boule de CristalBelinda
0%
Mysteries of the PastLe Petit Meurtre dans la PrairieBenjamin Galls
0%
Supernatural InvestigationsDes Funérailles MortellesBernie Silverman
0%
Supernatural InvestigationsUn (Grand) Pied dans la TombeBigfoot
0%
Travel in Time30 Secondes ChronoBilly Snapshot
0%
Pacific BayProgrammé pour TuerBob Levene
0%
The ConspiracyLe Bourreau des CoeursBrad Price
0%
Mysteries of the PastEntre Deux RivesBridget Baker
0%
Pacific BayLes Graines de la MortBruce Green
0%
Supernatural InvestigationsUne Enquête PhareBucky Johnson
0%
Pacific BayLe Temple MauditBurt Montana
0%
Pacific BayL'ImpasseCal Stark
0%
Pacific BayY a-t-il un cannibale dans l'avion ?Capitaine Harry Hugo
0%
Pacific BayMort au VolantCarlos Antonio
0%
Mysteries of the PastEchec et MatCasper Rove
0%
Travel in TimeUne Mort TudorCatherine d'Aragon
0%
City of RomanceSortie FracassanteCéleste Alouest
0%
The ConspiracyLes Feux de la RampeCéline Dernier
0%
Mysteries of the PastPlus Dure Sera la ChuteCéline Georges
0%
Mysteries of the PastL'Affrontement FinalCharles Dupont
0%
City of RomanceMeurtre sur MesureCharles Pilsnerfeld
0%
Travel in TimeRetour Vers le FuturChef Scott
0%
City of RomanceMourir dans l'AzurChidi Udoka
0%
The ConspiracyQui Sème le VentChristian Bateman
0%
The ConspiracyPiquée au VifChristy Cole
0%
Save the WorldLe Jour des MortsCindy Hamilton
0%
The ConspiracyCoupez !Cindy McMinn
0%
GrimsboroughLa Créature des WollcraftClaire Godwin
0%
Mysteries of the PastMadame est ServieClarissa Rochester
0%
Pacific BayDe l'Orage dans l'AirClifford Grady
0%
Pacific BayProie FacileColeen Truman
0%
Pacific BayL'Etau se ResserreColonel Spangler
0%
Mysteries of the PastUn Silence de TombeCommissaire Baldwin
0%
GrimsboroughPas de Fumée sans FeuConnor Sullivan
0%
Save the WorldUn Coup de PoignardConstance Tan
0%
The ConspiracyIn Vino VeritasCora Bateman
0%
GrimsboroughLe Dernier SouperDaisy Thompson
0%
Travel in TimeJusqu'à ce que la Mort nous SépareDame Fiore
0%
GrimsboroughLe Tueur du PortDan Broke
0%
Mysteries of the Past3h10 pour la MortDaniel Dedalus
0%
GrimsboroughLe Grand VoyageDaniel Taylor
0%
Supernatural InvestigationsApparences TrompeusesDan Kelly
0%
Supernatural InvestigationsQuand on Parle du LoupDanny Kwame
0%
Pacific BayUn Tueur parmi NousDanny Moto
0%
Supernatural InvestigationsScarabée MortelDan Quang
0%
Save the WorldUne Taupe à MoscouDarya Chernova
0%
Pacific BayVengeanceDavid Breitman
0%
Pacific BayVers les WastesDavid Rosenberg
0%
Mysteries of the PastDans l'Enfer de l'AlcoolDavy Byrne
0%
The ConspiracyUne Terre de Lait et de FielDebby Gideon
0%
Save the WorldVague à l'ÂmeDeepak Kumar
0%
GrimsboroughMauvais SangDelsin Peota
0%
Save the WorldLe Meurtre Bon MarchéDemetrios Metaxas
0%
The ConspiracyL'Apocalypse Néo-HumaineDenise Daniels
0%
Pacific BayLes Ficelles de la MortDinah Cooper
0%
Supernatural InvestigationsQui Va à la Chasse...Dolores Harper
0%
The ConspiracyDernier EmbarquementDolores Zamora
0%
Save the WorldDésert MortelDonald Barnes
0%
Save the WorldMédecine à Deux VitessesDonna Sandover
0%
The ConspiracyA Bout de SouffleDoris Black
0%
Supernatural InvestigationsCombat ImmortelDr. Aculus
0%
The ConspiracyMort, Sang, et tout le TremblementDr. Greg Gibbs
0%
The ConspiracyExtinction des FeuxDr. Henry Liu
0%
Supernatural InvestigationsPerdre la TêteDr. Lucrezia Stein
0%
Mysteries of the PastImpression FunesteDylan Mitvok
0%
Mysteries of the PastCadavre ExquisEdgar Woe
0%
Mysteries of the PastL'Adieu aux ArmesEdna Owens
0%
City of RomanceInglorious BatardEdouard Batard
0%
The ConspiracyDans la Gueule du LoupEdward Ramis
0%
The ConspiracyL'Enfer, c'est les AutresElaine Seabrook
0%
City of RomanceFashion VictimElise Marx
0%
Pacific BayAprès la TempêteElmer Buttons
0%
GrimsboroughLe Baiser de la MortEmma Ternon
0%
Supernatural InvestigationsEn Avoir les Jambes CoupéesEric Prynce
0%
Save the WorldSang d'EncreErnesto Cárpena
0%
The ConspiracyL'Inconnu du LacErnesto Vega
0%
Mysteries of the PastGare au GorilleErnest Picklebrain
0%
Pacific BayUne Tête bien RemplieErnest Turing
0%
Travel in TimeNaufragés !Evangeline Rousseau
0%
Pacific BayLe Bateau de RêveFabrizio Gallardo
0%
Save the WorldUn Coup du SortFang Cheng
0%
Pacific BayAmour, Gloire, et DécèsFelicia Steppingstone
0%
Mysteries of the PastL'Assassin AssassinéFiona Flanagan
0%
Travel in TimeTous les Chemins Mènent à RomeFlavia Pulchra
0%
Pacific BayCompte à Rebours FinalFrank Knight
0%
Mysteries of the PastBienvenue à Concordia !Frank Vogel
0%
The ConspiracyZone InterditeFred Drucker
0%
GrimsboroughAu Milieu de la NuitFreddy Stewart
0%
GrimsboroughInnocence PerdueGail Harding
0%
Mysteries of the PastSous le MasqueGeorge Buchanan
0%
Mysteries of the PastUne Faim TragiqueGeorgina Upperton
0%
Travel in TimeLe Coup du SiècleGérard Arnault
0%
Mysteries of the PastLa Mort est un CabaretGladys Perrin
0%
GrimsboroughCrucifixionGordon Michelli
0%
The ConspiracyUne Soirée d'EnferGregory Lynn
0%
Save the WorldUn Tueur dans la RizièreGuo Han
0%
The ConspiracyMort Sur-le-champGus McGuff
0%
Save the WorldUne Emission qui tue !Gwak Sung-ho
0%
Save the WorldOasis MortelleHamza Boussefi
0%
GrimsboroughL'Odeur de la MortHank Buxton
0%
Save the WorldAuf WiedersehenHans Vogel
0%
Mysteries of the PastA Feu et à SangHarriet Patrick
0%
GrimsboroughLe Fantôme d'ElmHector Fernandez
0%
Travel in TimeAdjugé, Tué !Henri Pelletier
0%
GrimsboroughAlerte à la Bombe à GrimsboroughHenry Crosby
0%
Pacific BayMort SauvageHorace Foster
0%
The ConspiracyFausse NoteIan Devine
0%
Save the WorldLe Crime du TranssibérienIlya Tretyakov
0%
Mysteries of the PastUn Plan AffûtéInspecteur Jaubert
0%
GrimsboroughMeurtre PrimaireIrina Nemovska
0%
Mysteries of the PastMeurtre dans un Nid de CoucouIrving Blackmoor
0%
Mysteries of the PastUn Goût de VengeanceJack Goodwin
0%
City of RomanceComportement BestialJackson Peacock
0%
Save the WorldParlez, Ami, et PérissezJackson Peters
0%
GrimsboroughMourir ou ne pas MourirJacob Dawks
0%
Save the WorldLe Rêve ImpossibleJacqueline Proust
0%
Mysteries of the PastArrête-Moi Si Tu PeuxJade Carnegie
0%
The ConspiracyCourse Contre la MortJake Hayes
0%
Save the WorldDu Plomb dans l'AileJakobo Nkosi
0%
Mysteries of the PastJustice InjusteJane Pembroke
0%
Save the WorldBattu sur le FilJason Stone
0%
Save the WorldLe Canada, Nid d'EspionsJean Connerie
0%
City of RomanceUn Meurtre Hors de PrixJean-Yves Lemarchand
0%
Pacific BayIl était une Fois... un MeurtreJenny Galguera
0%
Supernatural InvestigationsLa Malédiction de Black RidgeJeremy Cross
0%
GrimsboroughSang et GloireJerry Bigwall
0%
Supernatural InvestigationsCircuit de la MortJerry McKenzie
0%
Pacific BayAlerte aux Requins !Jimmy Lewis
0%
Travel in TimePour qui Sonne le GlasJin Bingxu
0%
Pacific BayBlessures OuvertesJoe Stanford
0%
GrimsboroughLa Faucheuse et le GeekJoe Turner
0%
Save the WorldPolitiquement IncorrectJonathan Stafford
0%
The ConspiracyDésastre ImminentJon Benson
0%
The ConspiracyLe Jour d'AprèsJordan Coprolite
0%
Mysteries of the PastQuitte ou DoubleJoseph Dante
0%
Mysteries of the PastTout le Monde en ParleJoseph Pryor
0%
The ConspiracyFortune de MerJoshua Gibson
0%
Pacific BayCoeurs de GlaceJuan Rodrigo Vasquez
0%
Save the WorldDiamants sur MacchabéeJude Connelly
0%
Mysteries of the PastLa Nouvelle Vérité !Juge Takakura
0%
Travel in TimeUne Mort Vieille Comme le TempsJules César
0%
Save the WorldDe Glace et de SangJulia Lloyd
0%
The ConspiracyGame OverJuniper
0%
City of RomanceVêtue pour MourirJustine Collier
0%
The ConspiracyMeurtre sur la Piste de DanseKalua Kaboom
0%
The ConspiracyLa Cité PerdueKaren Boulder
0%
Pacific BayLe Venin de la MortKaren Knight
0%
Save the WorldL'Histoire de la MortKariuki Maina
0%
Travel in TimeEchoués en GauleKaturix
0%
The ConspiracyCoeur de PierreKayla Markham
0%
Save the WorldLa Victime Sortant du PuitsKayla Pieterse
0%
Save the WorldEntretien avec un AssassinKelly Purnell
0%
GrimsboroughInjection MortelleKerry Ann Buxton
0%
The ConspiracyDe Plein FouetKévin Charles
0%
Mysteries of the PastCondamnation à MortKev O'Connell
0%
GrimsboroughLe Sang coule NoirKhalid Souleyman
0%
Mysteries of the PastLa Mort dans les YeuxKristopher Bauer
0%
Save the WorldMort en PaixLam Ugyen
0%
Save the WorldPéril en la DemeureLavinia de Brills
0%
Pacific BayBayou Rouge SangLee Dupree
0%
Mysteries of the PastLes Liens du SangLeopold Rochester
0%
Travel in TimeCrime et ChâtimentLev Romanov
0%
Save the WorldUn Cadavre dans la RivièreLi Jun
0%
Pacific BayMurdertownLindsay Bannister
0%
Pacific BaySans-CoeurLing Zhang
0%
GrimsboroughAu Bout de la CordeLisa Edwards
0%
Mysteries of the PastLes Marches du PouvoirLissa Avery
0%
City of RomanceDame de CoeurLola du Maurier
0%
Travel in TimeCe qui se passe à Vegas...Lorna Westerberg
0%
Pacific BayPas d'Honneur chez les VoleursLouis de Rico
0%
The ConspiracyUn Bouclage ExplosifLouis Leroux
0%
Mysteries of the PastNe la Laisse pas TomberLucrezia Capecchi
0%
GrimsboroughVictime de la ModeLucy Campbell
0%
Supernatural InvestigationsSoif de SangLucy Winters
0%
Mysteries of the PastDernier Tour de PisteLynn Hart
0%
GrimsboroughLe Tueur de RorschachMadison Springer
0%
Mysteries of the PastLa Dernière FlècheMaire Castletown
0%
Pacific BayCristal MortelManny Sanchez
0%
Travel in TimeL'Egypte en FlammesMarc Antoine
0%
The ConspiracyDessine-Moi un MortMarcus Butler
0%
Pacific BayHéritage FatalMargaret Hatchman
0%
City of RomanceLa Fête Comme en 1699Marguerite d'Anjou
0%
Supernatural InvestigationsHashtag MortelMarigold Carson
0%
Mysteries of the PastLe Sang des CitoyensMario Fortuna
0%
Save the WorldPeur BleueMarshall Metcalf
0%
Mysteries of the PastLe Chant du CygneMarta Ulanova
0%
The ConspiracyUne Fin en Queue de PoissonMartha Price
0%
GrimsboroughLa Fiancée du LacMary Gray
0%
The ConspiracyDerrière les MursMason Bloom
0%
Travel in TimeDescente aux EnfersMateo Arias
0%
Mysteries of the PastLes Serres de la MortMaximillian Poe
0%
The ConspiracyLa Mort à l'OeuvreMeera Kat
0%
Pacific BayDiamant SanglantMerv Waylon
0%
The ConspiracyQue ton Règne VienneMia Loukas
0%
Save the WorldL'Ombre du RoiMichelle Zuria
0%
Save the WorldBas les MasquesMikhail Karamazov
0%
GrimsboroughLa Fin Justifie les MoyensMolly Robinson
0%
Save the WorldFin de PartieNatasha Romanova
0%
The ConspiracyDu Venin dans les VeinesNathan Pandit
0%
Travel in TimeA Court de TempsNebet
0%
Save the WorldDouce Nuit, Cruelle NuitNick Kringle
0%
Save the WorldD'un Tueur deux CoupsNiilo Virtanen
0%
Pacific BayA Fleur de PeauNikolai Kamarov
0%
Travel in TimeEté de la MortNoah Lowe
0%
Save the WorldA Tombeau OuvertNomena Leroy
0%
Mysteries of the PastEn Mille EclatsNorah Barnlow
0%
Pacific BayLa Racine du MalNora Lewis
0%
Supernatural InvestigationsLe Lion Est Mort Ce SoirNorm White
0%
Pacific BayUn meurtre qui tourne en rondOdette Kamarov
0%
GrimsboroughKilling Me SoftlyOlly Oliver
0%
Mysteries of the PastTombé du CielOrville West
0%
Save the WorldJeux de DupesOscar Rojas
0%
Mysteries of the PastAu Coeur des FlammesOtis Kidd
0%
Mysteries of the PastSans IssuePatricia Rochester
0%
Pacific BayPromenons-nous dans les boisPaula Mahler
0%
Supernatural InvestigationsPris aux tripesPaul Etter
0%
The ConspiracyLa Poire de DiscordePaul Gigs
0%
Pacific BayL'Oeil de l'OuraganPeggy Pascal
0%
Travel in TimeUne Tragédie GrecquePélagios
0%
The Conspiracy30 Millions d'EnnemisPenny Farrell
0%
Mysteries of the PastAu Nom du PèrePère Donovan
0%
Mysteries of the PastEsprits CriminelsPhilomena Highmore
0%
Save the WorldJours de TénèbresPietro Agnelli
0%
Save the WorldGod Save the PrincePrince Albert
0%
Save the WorldMeurtre à BollywoodPriya Joshi
0%
Pacific BayPromesses de l'EstRadovan Radich
0%
Supernatural InvestigationsMauvaises OndesRainee Day
0%
Travel in TimeL'Or du FouRamses XLIII
0%
Pacific BayPar-delà les EtoilesRandolph
0%
GrimsboroughMeurtre sur le CampusRani Goshwalla
0%
The ConspiracyUne Bouteille à l'EncreReggie Liotta
0%
City of RomanceJongler avec la MortRémi Roy
0%
The ConspiracyDu Sang jusqu'au CouRené Narcisse
0%
Supernatural InvestigationsNous n'irons plus au BoisRex Lane
0%
Pacific BayCrime GalactiqueRex Logan
0%
Save the WorldLa Grande EvasionRiaja Somalinggi
0%
Mysteries of the PastMeurtre de NoëlRick le Rebelle
0%
Supernatural InvestigationsLe Fantôme du PasséR.J. Fielding
0%
Pacific BayLa Fin de la NuitRoberto Vasquez
0%
GrimsboroughDes Serpents sur la ScèneRoland Vane
0%
The ConspiracyUn Peu Plus Près des EtoilesRonald Rooney
0%
Supernatural InvestigationsLe Bal des MonstresRonnie Hawk
0%
GrimsboroughLe Poison de la VéritéRosie Gatewood
0%
Supernatural InvestigationsLa Désunion Fait la ChuteRoxanne Vega
0%
The ConspiracyDe la Confiture aux CochonsRoy Loukas
0%
Save the WorldLa Mort comme un BoomerangRufus Murlock
0%
The ConspiracyTout s'EffondreRupert Winchester
0%
Pacific BaySang dans le MixeurRuth Campbell
0%
Supernatural InvestigationsChasseur ChasséRuth Wu
0%
The ConspiracyDans le NoirRyan Min
0%
City of RomanceLe Spectacle Doit ContinuerSabine Diamant
0%
The ConspiracyDépart AnticipéSam Chey
0%
The ConspiracyLes Yeux RevolverSam De Witt
0%
Pacific BayMort AlcooliséeSammy Duncan
0%
City of RomanceA En Perdre la TêteSamy Malouf
0%
Save the WorldLes Entrailles du MalSandeep Sadhra
0%
Mysteries of the PastA Coeur PerduSandra Hwang
0%
GrimsboroughEnterrer la Hache de GuerreSandy Grimmes
0%
Save the WorldUne Campagne ExplosiveSandy Turner
0%
Travel in TimeLa Colère du KhanSantiago Sanchez
0%
The ConspiracyClap de FinSavannah Blake
0%
Pacific BayDes Rats et des HommesScott Lee Allan
0%
The ConspiracyInspire... Expire...Scott Morris
0%
Save the WorldUn Coup de Feu et AdieuSeamus Cummings
0%
Mysteries of the PastLe Coeur de la GuerreSeamus O'Neill
0%
City of RomanceMeurtre à la ModeSébastien Lefebvre
0%
Supernatural InvestigationsChute LibreSharon Decker
0%
Travel in TimeLa Mort et le SabreShogun Yoshinobu Gojo
0%
GrimsboroughL'InvocationSimon Armstrong
0%
Pacific BayMort au MartiniStacy Lovely
0%
The ConspiracyEntre Quatre MursStella Ziarati
0%
The ConspiracyJeu, Set, et MeurtreStéphanie Griff
0%
The ConspiracyL'Abominable VéritéSteven Crowe
0%
Travel in TimeLa Fureur de MourirStorm Huxley
0%
GrimsboroughLe Meilleur des MondesStuart Huckabee
0%
Save the WorldEpidémie MortelleSunil Dhudwar
0%
Pacific BayMeurtre sur PatinsSusie Pickley
0%
Travel in TimeIntoxTabu Kebu
0%
Travel in TimeNe Jamais Dire Fontaine...Tangzi Khatun
0%
Pacific BayPéché ImmortelTeresa Turing
0%
GrimsboroughRetour de FlammeTess Goodwin
0%
Save the WorldMort sur le RingThanid Tongproh
0%
Pacific BaySous le ThunderdomeThéo Mercier
0%
Mysteries of the PastAu Creux de la VagueTheo Vergeer
0%
Supernatural InvestigationsInterrogatoire RenforcéTheresa Rosenthal
0%
Mysteries of the PastEt au Milieu coule une RivièreThomas Boyd
0%
Travel in TimeHouston, on a un ProblèmeThomas Segan
0%
Supernatural InvestigationsUn Meurtre Soupe au LaitTodd Anderson
0%
GrimsboroughLa Cour du DiableTom Blackwater
0%
Pacific BayFaux Départ pour l'EspaceTom Nelson
0%
The ConspiracyEntre Deux FeuxTony Marconi
0%
GrimsboroughUn Drive, un Swing, et la MortTony Webb
0%
Travel in TimeUne Blague MortelleTriboulet
0%
The ConspiracyVers l'Eternité et au-DelàTrishna Joshi
0%
GrimsboroughMort SubiteTroy Takiguchi
0%
Save the WorldLa Chasse est OuverteTsukada Hiroshi
0%
Pacific BayTapis FunesteTyler Snakes
0%
GrimsboroughCondamné à MortTyler Wright
0%
The ConspiracyLes Fleurs du MalValereea Valz
0%
Pacific BayPlongée MortelleValérie Green
0%
Pacific BayFumée et MiroirsVanessa Kimmel
0%
The ConspiracyLe Péril JeuneVicky Lopez
0%
The ConspiracySang ChaudVince Vaudou
0%
Mysteries of the PastBain de SangVinnie Costa
0%
Pacific BayLe Projet White PeaksVirginia Watchbird
0%
Save the WorldCompte à Rebours MortelVitaly Borodin
0%
Pacific BayL'Heure du MeurtreVito Pioni
0%
Mysteries of the PastLa Conquête de l'EstVittorio Capecchi
0%
Travel in TimeL'Orgueil Précède la ChuteVizier Ibrahim
0%
GrimsboroughUn Mariage et un EnterrementWalter Fairbanks
0%
The ConspiracyDe Sang-FroidWendy Stokes
0%
GrimsboroughAnatomie d'un MeurtreWilfred Turnscrew
0%
GrimsboroughLe Fantôme de GrimsboroughWilhelm Moss
0%
City of RomanceTuez-le Avec des FleursWillem Nieuwoudt
0%
Mysteries of the PastLe Spectre de la MortWill Wyoming
0%
Supernatural InvestigationsD'un Froid PerçantWyatt Ewing
0%
Save the WorldUn Voeu FunesteYuto Watanabe
0%
The ConspiracyCasse-TêteZoe Kusama
0%
Save the WorldIl Est Mort le SoleilZoila Huanca
0%

Distribution des résultats

Percentile par nombre de réponses

% des personnes avec chaque résultat

Votre développement - résultats

Vous n’avez pas pris ce quiz